| 000 | 00864nam a22003015a 4500 | ||
|---|---|---|---|
| 001 | 12689047 | ||
| 003 | OSt | ||
| 005 | 20140310182703.0 | ||
| 008 | 020225s2002 cau 000 0 eng | ||
| 010 | _a 2002102632 | ||
| 020 | _a1879600935 | ||
| 035 | _a(DLC) 2002102632 | ||
| 040 |
_aDLC _cDLC |
||
| 042 | _apcc | ||
| 050 |
_aRA 447 _b.T159 2002 |
||
| 082 |
_aM 370.973 _bAs4 2002 |
||
| 100 | 1 | _aTamura, Euleen H. | |
| 245 | 1 | 0 |
_aAsian and pacific Islander American education: social, cultural, and historical contexts. / _cTamura, Euleen H. |
| 260 |
_aS. El Monte, CA _bPacific Asia Press _cc2002 |
||
| 300 |
_a198 p. _ccm. |
||
| 521 | _aHigh School to College Students | ||
| 526 | _c0L-1700L | ||
| 541 | _j1 | ||
| 562 | _e1 | ||
| 906 |
_a0 _bibc _corignew _d2 _eepcn _f20 _gy-gencatlg |
||
| 942 |
_2lcc _cBK _kM |
||
| 999 |
_c15186 _d15186 |
||